Ant-Man and the Wasp (2018): Characters by Picture - Statistics

General Stats
  • This quiz has been taken 31 times
  • The average score is 12 of 16
Answer Stats
Picture Answer % Correct
Ant-Man
100%
Wasp
100%
Hank Pym
96%
Cassie Lang
92%
Ghost
92%
Stan Lee
92%
Janet Van Dyne
88%
Luis
79%
Jimmy Woo
67%
Maggie Lang
67%
Bill Foster
63%
Sonny Burch
58%
Dave
50%
Jim Paxton
50%
Kurt Goreshter
46%
Elihas Starr
29%
No matching quizzes found
Score Distribution
Percent of People with Each Score
Percentile by Number Answered
Your Score History
You have not taken this quiz